Normal view
MARC view
Entry Personal Name
001 - CONTROL NUMBER
- control field: 12650
003 - CONTROL NUMBER IDENTIFIER
- control field: OSt
005 - DATE AND TIME OF LATEST TRANSACTION
- control field: 20180514124454.0
008 - FIXED-LENGTH DATA ELEMENTS
- fixed length control field: 180514|| aca||aabn | a|a d
040 ## - CATALOGING SOURCE
- Original cataloging agency: OSt
- Transcribing agency: OSt
100 ## - HEADING--PERSONAL NAME
- Personal name: Edited by Ranker,A.Tom;Haufler,H.Christopher;
670 ## - SOURCE DATA FOUND
- Source citation: Work cat.: (OSt): Edited by Ranker,A.Tom;Haufler,H.Christopher;, Biology and evolution of Ferns and Lycophytes;, 2008.
